Nuevo Tratado sobre el Entendimiento Humano II

Guardat en:
Dades bibliogràfiques
Autor principal: Leibniz, Gottfried Wilhelm
Format: Llibre
Idioma:Undetermined
Publicat: Buenos Aires, Argentina Aguilar 1971
Matèries:
Etiquetes: Afegir etiqueta
Sense etiquetes, Sigues el primer a etiquetar aquest registre!

MARC

LEADER 00000nam a2200000Ia 4500
008 170316s9999 xx 000 0 und d
090 |a 100 L-29n 
100 |a Leibniz, Gottfried Wilhelm 
245 |a Nuevo Tratado sobre el Entendimiento Humano II 
260 |a Buenos Aires, Argentina 
260 |b Aguilar 
260 |c 1971 
300 |a 280 páginas Tomo II (De las Ideas) 
650 |a FILOSOFÍA 
999 |c 16768  |d 16768 
040 |a cru BVZT 
942 |c 15 D  |h 100 L-29n  |2 z